01252nam a2200373 i 450000100090000000300090000900500170001800800410003502000180007602000150009403500260010903500130013504000410014808200200018910000360020924500760024524600400032125000190036126400470038030000460042733600260047333700280049933800270052750000210055465000260057565300170060165500170061870000290063594200120066496000190067698700130069599900170070895201530072515981833EG-ScBUE20230511100330.0210907s2021 enka f b 001 0 eng d a9781913947026 a1913947025 a(NhCcYBP)om1116834226 a15981833 aNhCcYBPbengerdacNhCcYBPdEG-ScBUE04222a701.18bCOT1 aCothren, Michael Watt,eauthor.10aMethods & theories of art history /bMichael W. Cothren, Anne D'Alleva.3 aMethods and theories of art history aThird edition. 1aLondon :bLaurence King Publishing,c2021. a198 pages :bcolor illustrations ;c21 cm atextbtxt2rdacontent aunmediatedbn2rdamedia avolumebnc2rdacarrier aIncludes index.  7aArt criticism.2BUEsh bARTcMay2023 vReading book1 aD'Alleva, Anne,eauthor. 2ddccBB a39002137600111 cON ORDER c30329d30300 00102ddc40708BaccahaMAINbMAINc2NDd2023-05-11ePurchaseg545.00h37380l0o701.18 COTp000044984r2025-07-15 00:00:00v681.25w2023-05-11yBB